Juro Jánošík opera v 6 obrazoch /

Hlavní autor: Cikker, Ján, 1911-1989
Další autoři: Hoza, Štefan, 1906-1982, Šolc, Milan, 1925-1977
Jazyk: Slovenština
Vydáno: Bratislav : Slovenské vydavateľstvo krásnej literatúry, 1958
Fyzický popis: 350 s.
Hudebniny Hudebniny
Uloženo v:
LEADER 01013ncm a22002412a 4500
001 001234581
003 CZ BrMZK
005 20120726094048.0
007 qu
008 120726s1958 xo |||||||||||||||||slo d
040 |a BOA001  |b cze 
072 7 |a 782  |x Divadelní hudba. Opera, opereta, muzikál  |2 Konspekt  |9 9 
100 1 |a Cikker, Ján,  |d 1911-1989  |7 jn19990210145  |4 cmp 
245 1 0 |a Juro Jánošík  |h [hudebnina] :  |b opera v 6 obrazoch /  |c Ján Cikker ; libreto napísal Štefan Hoza ; klavírny výtah upravil Milan Šolc 
260 |a Bratislav :  |b Slovenské vydavateľstvo krásnej literatúry,  |c 1958 
300 |a 350 s. 
700 1 |a Hoza, Štefan,  |d 1906-1982  |7 ola2002150587  |4 lbt 
700 1 |a Šolc, Milan,  |d 1925-1977  |7 jk01130707  |4 arr 
910 |a BOA001  |b Mus4-0408.963 
990 |a MU 
991 |b 201207 
996 6 |b 2619632075  |c Mus4-0408.963  |l MZK  |r Sklad / do 1 hodiny  |n 0  |w 001268581  |u 000020  |a 1  |e BOA001  |j MZK50  |s P 
996 7 |b 2619632076  |c Mus4-0408.963  |l MZK  |r Sklad / do 1 hodiny  |n 1  |w 001268581  |u 000010  |a 1  |e BOA001  |j MZK50  |s A